000 00289nam a22001337a 4500
008 181004b xxu||||| |||| 00| 0 eng d
020 _a9780631175483
041 _aeng
080 _a101
100 _a24
101 _aFIL
245 _aA Locke Dictionary
_cYolton,J.W
942 _2udc
_cBK
999 _c48865
_d48865